Rihanna's songs - Statistics

General Stats
  • This quiz has been taken 231 times
  • The average score is 20 of 103
Answer Stats
Albums Songs % Correct
Diamonds
80%
Good girl gone bad Umbrella
78%
Work
70%
Only girl
60%
Loud S and M
60%
Don't stop the music
59%
Stay
57%
Man down
55%
Rude boy
52%
Music of the sun Pon de replay
51%
Where have you been
49%
We found love
48%
What's my name
48%
Love on the brain
44%
A girl like me SOS
43%
Love the way you lie
42%
Unfaithful
40%
Talk that talk
38%
Needed me
36%
Russian roulette
36%
California King bed
35%
Shut up and drive
32%
Pour it up
30%
Te amo
30%
Desperado
29%
Anti Consideration
27%
Good girl gone bad
26%
Rehab
25%
Kiss it better
24%
A girl like me
23%
Cheers
23%
Talk that talk You da one
20%
Music of the sun
19%
Birthday cake
18%
Woo
17%
Skin
14%
What now
14%
Complicated
13%
Fading
13%
Hard
13%
Right now
13%
Breakin' dishes
12%
Drunk on love
12%
Hate that I love you
12%
James joint
12%
Numb
12%
Jump
11%
We ride
11%
Higher
10%
Rated R Mad house
10%
Yeah I said it
10%
Break it off
9%
Close to you
9%
Cockiness
9%
Cold case love
9%
Farewell
9%
If it's lovin' that you want
9%
Never ending
9%
Push up on me
9%
Roc me out
9%
Same ol'mistakes
9%
Sell me candy
9%
Stupid in love
9%
Loveeeeeee Song
8%
Photographs
8%
We all want love
8%
Fire bomb
7%
Fool in love
7%
G4L
7%
Let me
7%
Lost in paradise
7%
Nobody's business
7%
Question existing
7%
The last song
7%
Dem Haters
6%
No love allowed
6%
Now I know
6%
Red lipstick
6%
Rush
6%
Watch n'learn
6%
Lemme get that
5%
Love without tragedy / Mother mary
5%
P.S
5%
Say it
5%
The last time
5%
A million miles away
4%
Do ya thang
4%
Final Goodbye
4%
Here I go again
4%
Kisses don't lie
4%
Selfish girl
4%
That la, la, la
4%
You don't love me
4%
There's a thug in my life
3%
Willing to wait
3%
Unapologetic Fresh out the runaway
2%
Crazy little things called love
1%
Geit it over with
1%
If it's lovin' that you what
1%
Raingin men
1%
Rocktsar 101
1%
Wait you turn
1%
No matching quizzes found
Score Distribution
Percent of People with Each Score
Percentile by Number Answered
Your Score History
You have not taken this quiz